An Introduction to Animal Breeding (Record no. 6965)
[ view plain ]
| 000 -LEADER | |
|---|---|
| fixed length control field | 00475nam a22001817a 4500 |
| 003 - CONTROL NUMBER IDENTIFIER | |
| control field | OSt |
| 005 - DATE AND TIME OF LATEST TRANSACTION | |
| control field | 20210520125053.0 |
| 008 - FIXED-LENGTH DATA ELEMENTS--GENERAL INFORMATION | |
| fixed length control field | 210520b ||||| |||| 00| 0 eng d |
| 020 ## - INTERNATIONAL STANDARD BOOK NUMBER | |
| International Standard Book Number | 0713124459 |
| 040 ## - CATALOGING SOURCE | |
| Transcribing agency | DDC |
| 082 ## - DEWEY DECIMAL CLASSIFICATION NUMBER | |
| Classification number | 636.082 DAL 1974 |
| 100 ## - MAIN ENTRY--PERSONAL NAME | |
| Personal name | Dalton, John B |
| 9 (RLIN) | 14282 |
| 245 ## - TITLE STATEMENT | |
| Title | An Introduction to Animal Breeding |
| 260 ## - PUBLICATION, DISTRIBUTION, ETC. (IMPRINT) | |
| Place of publication, distribution, etc. | Hill Sreet, Londan |
| Name of publisher, distributor, etc. | Edward Anold |
| Date of publication, distribution, etc. | 1974 |
| 300 ## - PHYSICAL DESCRIPTION | |
| Extent | 76p.: |
| Other physical details | ill; |
| Dimensions | 18cm |
| 650 ## - SUBJECT ADDED ENTRY--TOPICAL TERM | |
| Topical term or geographic name as entry element | Animal Breeding. |
| 9 (RLIN) | 14283 |
| 942 ## - ADDED ENTRY ELEMENTS (KOHA) | |
| Source of classification or shelving scheme | Dewey Decimal Classification |
| Koha item type | Book |
| Withdrawn status | Lost status | Source of classification or shelving scheme | Damaged status | Not for loan | Home library | Current library | Date acquired | Source of acquisition | Inventory number | Total Checkouts | Full call number | Barcode | Date last seen | Price effective from | Koha item type | Public note |
|---|---|---|---|---|---|---|---|---|---|---|---|---|---|---|---|---|
| Dewey Decimal Classification | Faculty of Interdisciplinary Studies Library | Faculty of Interdisciplinary Studies Library | 20/05/2021 | Purchase | 21/41397 | 636.082 DAL 1974 | 2021-0592 | 20/05/2021 | 20/05/2021 | Book | Material in Hard Copy |
